| 000 | 01311cam a2200277 4500 | ||
|---|---|---|---|
| 008 | 020426n2002 000 0 eng u | ||
| 020 | _a0754619435 | ||
| 035 | _a(Sirsi) u117689 | ||
| 041 | _aeng. | ||
| 050 |
_a711 _c18 |
||
| 100 |
_aThornley, Andy _xEditor |
||
| 245 | _aPlanning in a global era | ||
| 260 |
_aAldershot _bAshgate _c2002 |
||
| 300 |
_axii, 404p. _c23cm. |
||
| 350 | _a47.50 | ||
| 490 | _aUrban and Regional Planning and Development | ||
| 520 | _aContains contributions from across the world which address the impact globalization has on planning. The opening section addresses the globalization debate raising some theoretical issues and exploring the planning implications in a range of world cities. This is followed by an exploration of the way the theoretical debate about planning may need to advance to encompass more contemporary forces. A number of more specific accounts addressing the need for adaptation are offered. The final section focuses on two aspects - housing and sustainability. | ||
| 650 | _aGLOBALISATION | ||
| 650 | _aURBAN PLANNING | ||
| 650 | _aREGIONAL PLANNING | ||
| 650 | _aSUSTAINABLE DEVELOPMENT | ||
| 650 | _aHOUSING | ||
| 690 | _aENVIRONMENTAL AND LAND CONSULTANCY-PLANNING AND DEVELOPMENT | ||
| 700 |
_aRydin, Yvonne _xEditor |
||
| 942 | _n0 | ||
| 999 |
_c102046 _d102046 |
||